Efektívna komunikácia - východisko i cieľ vyučovania cudzích jazykov
Význam ovládania niekoľkých cudzích jazykov. Uplatniteľnosť jazykovej spôsobilosti v praxi. Spôsoby výučby cudzích jazykov. Osvojenie si jazyka znamená jeho bezchybné používanie v komunikácii. Komunikácia ako kultúrna prax. Kultúrna gramotnosť. Výučba jazykov a úroveň vysokoškolského štúdia . Systém...
Uložené v:
| Hlavný autor: | |
|---|---|
| Médium: | Kapitola |
| Jazyk: | Slovak |
| Predmet: | |
| Tagy: |
Žiadne tagy, Buďte prvý, kto otaguje tento záznam!
|
MARC
| LEADER | 00000nla$a2200000$$$4500 | ||
|---|---|---|---|
| 001 | 0051087 | ||
| 005 | 20240502071607.8 | ||
| 041 | 0 | |a slo | |
| 044 | |a SK | ||
| 245 | 1 | 0 | |a Efektívna komunikácia - východisko i cieľ vyučovania cudzích jazykov |c Helena Šajgalíková |
| 520 | |a Význam ovládania niekoľkých cudzích jazykov. Uplatniteľnosť jazykovej spôsobilosti v praxi. Spôsoby výučby cudzích jazykov. Osvojenie si jazyka znamená jeho bezchybné používanie v komunikácii. Komunikácia ako kultúrna prax. Kultúrna gramotnosť. Výučba jazykov a úroveň vysokoškolského štúdia . Systém UNIcert (univerzitný certifikát). | ||
| 610 | 2 | 0 | |a jazyky cudzie |
| 610 | 2 | 0 | |a vyučovanie |
| 610 | 2 | 0 | |a komunikácia |
| 610 | 2 | 0 | |a gramotnosť |
| 100 | 1 | |a Šajgalíková, Helena | |